La primera relación: madre-hijo

Uloženo v:
Podrobná bibliografie
Hlavní autor: Stern, Daniel N (Autor)
Médium: Kniha
Jazyk:španělština
Vydáno: Madrid Morata 1978
Edice:Colección Psicología. El Desarrollo en el Niño, 4
Témata:
Tagy: Přidat tag
Žádné tagy, Buďte první, kdo vytvoří štítek k tomuto záznamu!

MARC

LEADER 00000cam a2200000 a 4500
001 UCY6522
003 CL-VaPUC
008 950526e19780000SP |||||||||||||||||spa|d
082 0 4 |a 155.4  |b STE  |2 21 
100 0 |a Stern, Daniel N  |e author  |9 336492 
245 1 3 |a La primera relación: madre-hijo 
300 |a 220 p 
942 |c BK 
945 |d 19950526 00:00:00  |a cmena 
260 |a Madrid  |b Morata  |c 1978 
650 0 |a Psicología   |9 257863 
650 0 |a Aprendizaje   |9 254827 
650 7 |a RELACIONES PADRES-HIJOS  |2 CL-VaPUC  |9 308185 
650 0 |a Psicología del niño  |9 307305 
650 0 |a Psicología del desarrollo  |9 307541 
650 0 |a Desarrollo afectivo  |9 334359 
650 7 |a ESTIMULO  |2 CL-VaPUC  |9 334622 
650 7 |a RESPUESTA  |2 CL-VaPUC  |9 335648 
650 7 |a PSICOLOGIA DE LOS PROCESOS SENSORIALES  |2 CL-VaPUC  |9 336493 
583 |a last modification  |c 20120914 12:03:37  |k Rodrigo Vera 
490 0 |a Colección Psicología. El Desarrollo en el Niño, 4 
999 |c 234082  |d 234080 
952 |0 0  |1 0  |4 0  |6 155_400000000000000_STE_1978  |7 0  |8 A  |9 240053  |a BIBEDU  |b BIBEDU  |d 2019-11-18  |i 1510819  |o 155.4 STE 1978  |p 1510819  |r 2019-11-18  |w 2019-11-18  |y BK  |k EDU 
952 |0 0  |1 0  |4 0  |6 155_400000000000000_STE_1978  |7 0  |8 A  |9 240054  |a BIBEDU  |b BIBEDU  |d 2019-11-18  |i 4901509  |o 155.4 STE 1978  |p 4901509  |r 2019-11-18  |w 2019-11-18  |y BK  |k PSI 
952 |0 0  |1 0  |4 0  |6 155_400000000000000_STE_1978  |7 0  |8 A  |9 240055  |a BIBEDU  |b BIBEDU  |d 2019-11-18  |i 4901517  |o 155.4 STE 1978  |p 4901517  |r 2019-11-18  |w 2019-11-18  |y BK  |k PSI